[Event "Rated Blitz game"]
[Site "?"]
[Date "2021.07.09"]
[Round "?"]
[White "Stepan188888888"]
[Black "annaly1979"]
[Result "0-1"]
[WhiteElo "2244"]
[BlackElo "2414"]
[PlyCount "138"]
[EventDate "2021.??.??"]
[EventType "blitz"]

1. e4 e5 2. Nf3 d5 3. Nxe5 Qe7 4. d4 f6 5. Nf3 dxe4 6. Nfd2 f5 7. Bc4 Nf6 8.
O-O Nc6 9. c3 Be6 10. Bxe6 Qxe6 11. Qb3 Qxb3 12. Nxb3 Bd6 13. Bg5 O-O 14. N1d2
h6 15. Bxf6 Rxf6 16. Nc4 Raf8 17. Nxd6 cxd6 18. a4 g5 19. d5 Ne5 20. Nd4 Nc4
21. b4 f4 22. Rfe1 e3 23. b5 b6 24. Ne6 Rc8 25. Nd4 Rc5 26. Nc6 Rf7 27. a5 Rxb5
28. axb6 axb6 29. Ra8+ Kh7 30. Ra4 Rc5 31. Nd4 b5 32. Nxb5 Rxb5 33. Rxc4 Rxd5
34. Rd4 Rxd4 35. cxd4 exf2+ 36. Kxf2 Kg6 37. Re6+ Rf6 38. Re8 Kf5 39. h3 Re6
40. Ra8 Ke4 41. Ra4 d5 42. Rb4 Rc6 43. h4 g4 44. Ra4 Rc2+ 45. Kg1 g3 46. Kf1
Ke3 47. Ra3+ Kxd4 48. Rf3 Ke4 49. Ra3 d4 50. Ra8 Kd3 51. Ra3+ Rc3 52. Ra1 f3
53. gxf3 Ke3 54. Kg2 d3 55. Kxg3 d2 56. f4 Rc1 57. Ra2 d1=Q 58. f5 h5 59. f6
Qg4+ 60. Kh2 Qxh4+ 61. Kg2 Qg4+ 62. Kh2 Rf1 63. Ra3+ Kd2 64. Ra2+ Kc3 65. Ra3+
Kb2 66. Rb3+ Kxb3 67. f7 Rf2+ 68. Kh1 h4 69. f8=Q Qg2# {Normal} 0-1

[Event "Rated Blitz game"]
[Site "?"]
[Date "2021.07.09"]
[Round "?"]
[White "qwe_asd"]
[Black "BoomerAangie"]
[Result "0-1"]
[WhiteElo "2469"]
[BlackElo "2588"]
[PlyCount "164"]
[EventDate "2021.??.??"]
[EventType "blitz"]

1. e4 e5 2. Nf3 d5 3. exd5 Qxd5 4. Nc3 Qa5 5. Bc4 Be7 6. O-O Nf6 7. Re1 Nc6 8.
d4 O-O 9. dxe5 Ng4 10. Bf4 Qc5 11. Qe2 Nd4 12. Nxd4 Qxd4 13. Bg3 c6 14. Rad1
Qb6 15. Bb3 Bf5 16. h3 Nh6 17. Bf4 Rad8 18. e6 f6 19. Bxh6 gxh6 20. Qh5 Bg6 21.
Qxh6 Rxd1 22. Rxd1 Rd8 23. Rd7 Qc5 24. Rxb7 Kh8 25. Rd7 Rxd7 26. exd7 Qd6 27.
h4 Qxd7 28. h5 Bf5 29. Qf4 Bd6 30. Qf3 Be5 31. h6 Bg4 32. Qd3 Qxd3 33. cxd3 Bf4
34. f3 Bf5 35. Kf2 Bxh6 36. Ne4 Kg7 37. g4 Bc1 38. gxf5 Bxb2 39. Nc5 Bd4+ 40.
Ke2 Bxc5 41. Bc4 Bd6 42. d4 h5 43. Kf2 h4 44. Kg2 c5 45. dxc5 Bxc5 46. Kh3 Bf2
47. Kg4 Bg3 48. Bd5 Kf8 49. Be6 Ke7 50. Bd5 Kd6 51. Be6 Ke5 52. a4 Kd4 53. a5
Kc5 54. a6 Kb5 55. Bc8 Kb6 56. Bb7 Kc7 57. Be4 Kd6 58. Bb7 Ke5 59. Kh3 Kd4 60.
Kg4 Ke3 61. Bc8 Kf2 62. Kh3 Kg1 63. Bd7 Kf2 64. Bc8 Kxf3 65. Bd7 Kf4 66. Bc8
Kg5 67. Bd7 Bf4 68. Bc8 Be5 69. Bb7 Bd4 70. Bc8 Bc5 71. Bd7 Bb6 72. Bc8 Bc7 73.
Bb7 Kf4 74. Bc8 Ke5 75. Bd7 Kd4 76. Bc8 Kc5 77. Bb7 Kb6 78. Bc8 Kb5 79. Bd7+
Kb6 80. Bc8 Bd6 81. Bb7 Kc7 82. Bc8 Kxc8 {Time forfeit} 0-1

[Event "Rated Blitz game"]
[Site "?"]
[Date "2021.07.09"]
[Round "?"]
[White "VictorAntonBologan"]
[Black "Fantastic_power06"]
[Result "0-1"]
[WhiteElo "2674"]
[BlackElo "2692"]
[PlyCount "90"]
[EventDate "2021.??.??"]
[EventType "blitz"]

1. e4 e5 2. Nf3 d5 3. d4 dxe4 4. Nxe5 Bd6 5. Nc3 Bxe5 6. dxe5 Qxd1+ 7. Kxd1 Nc6
8. Bb5 Bd7 9. e6 Bxe6 10. Bxc6+ bxc6 11. Nxe4 O-O-O+ 12. Bd2 Bd5 13. Re1 f5 14.
Ng5 h6 15. Ne6 Rd7 16. f3 Nf6 17. Nc5 Rdd8 18. c3 g5 19. Kc2 g4 20. Rf1 gxf3
21. gxf3 Rhg8 22. Rf2 Rde8 23. Bxh6 Nh5 24. Bd2 Rg6 25. b3 Reg8 26. c4 Bf7 27.
Re1 Nf6 28. Re7 Be8 29. Bf4 Bd7 30. Rd2 Rg2 31. Be5 Rxd2+ 32. Kxd2 Rg2+ 33. Kc3
Ne8 34. Rxd7 f4 35. Rf7 Re2 36. Bxf4 a5 37. h4 Kb8 38. h5 Rf2 39. Be5 Nd6 40.
h6 Nxf7 41. h7 Rxf3+ 42. Kd4 Rh3 43. Nd7+ Kc8 44. Nf8 Rh4+ 45. Kc5 Nxe5 {Normal
} 0-1

[Event "Rated Blitz tournament tC9MGak7"]
[Site "?"]
[Date "2021.07.09"]
[Round "?"]
[White "rendiwes76"]
[Black "om_gendut"]
[Result "0-1"]
[WhiteElo "2249"]
[BlackElo "2453"]
[PlyCount "72"]
[EventDate "2021.??.??"]
[EventType "blitz"]

1. e4 e5 2. Nf3 d5 3. Nxe5 Bd6 4. d4 dxe4 5. Nc4 Be7 6. Be3 Nf6 7. Nc3 O-O 8.
Be2 Bf5 9. O-O Nbd7 10. Ne5 Bd6 11. Nxd7 Qxd7 12. f3 Rfe8 13. fxe4 Nxe4 14.
Nxe4 Bxe4 15. Bd3 Bxg2 16. Kxg2 Rxe3 17. Qh5 g6 18. Qh6 Qg4+ 19. Kh1 Rh3 20.
Qd2 Rxh2+ 21. Qxh2 Bxh2 22. Kxh2 Qxd4 23. Rf3 Qxb2 24. Raf1 f5 25. Bc4+ Kg7 26.
Bb3 Re8 27. R1f2 Re4 28. Rg2 Qe5+ 29. Kg1 a5 30. a4 b5 31. Rd3 bxa4 32. Rd7+
Kh6 33. Rh2+ Kg5 34. Rg2+ Rg4 35. Bxa4 Rxg2+ 36. Kxg2 Qe4+ {Normal} 0-1

[Event "Rated Blitz game"]
[Site "?"]
[Date "2021.07.09"]
[Round "?"]
[White "jflup"]
[Black "pasha1984"]
[Result "1-0"]
[WhiteElo "2543"]
[BlackElo "2379"]
[PlyCount "95"]
[EventDate "2021.??.??"]
[EventType "blitz"]

1. e4 e5 2. Nf3 d5 3. exd5 e4 4. Qe2 Nf6 5. Nc3 Be7 6. Nxe4 Nxd5 7. d3 O-O 8.
Qd1 Re8 9. Be2 f5 10. Ng3 c5 11. O-O Bf6 12. c3 Nc6 13. Re1 Qc7 14. Bg5 Qf7 15.
Bxf6 Nxf6 16. Qc2 b6 17. Bf1 Bb7 18. Rxe8+ Rxe8 19. Nxf5 Ne5 20. Nxe5 Rxe5 21.
Nd6 Qd5 22. Nxb7 Qxb7 23. d4 Rg5 24. dxc5 Rxc5 25. Rd1 Qc7 26. Qd2 Rd5 27. Qe2
Rxd1 28. Qxd1 h5 29. Qd4 Kh8 30. g3 Qf7 31. Qc4 Qe7 32. Qc8+ Kh7 33. Qf5+ g6
34. Qd3 Ng4 35. h3 Ne5 36. Qe4 Qf6 37. b3 Nf3+ 38. Kh1 Nd2 39. Qe2 Nf3 40. Bg2
Ne5 41. c4 g5 42. Be4+ Kg7 43. Kg2 g4 44. h4 Kf7 45. Qd2 Nf3 46. Qd7+ Kf8 47.
Qc8+ Kg7 48. Qd7+ {Time forfeit} 1-0

[Event "Rated Blitz game"]
[Site "?"]
[Date "2021.07.09"]
[Round "?"]
[White "can_u_beat_me_bro"]
[Black "pasha1984"]
[Result "0-1"]
[WhiteElo "2438"]
[BlackElo "2398"]
[PlyCount "20"]
[EventDate "2021.??.??"]
[EventType "blitz"]

1. e4 e5 2. Nf3 d5 3. exd5 e4 4. Qe2 Nf6 5. Nc3 Be7 6. Nxe4 Nxd5 7. Qd3 O-O 8.
g3 Bf5 9. Qd4 Nc6 10. Qa4 Nb6 {Normal} 0-1

[Event "Rated Blitz game"]
[Site "?"]
[Date "2021.07.09"]
[Round "?"]
[White "BoomerAangie"]
[Black "Fantastic_power06"]
[Result "0-1"]
[WhiteElo "2592"]
[BlackElo "2685"]
[PlyCount "38"]
[EventDate "2021.??.??"]
[EventType "blitz"]

1. e4 e5 2. Nf3 d5 3. Nxe5 Bd6 4. d4 dxe4 5. Bc4 Bxe5 6. dxe5 Qxd1+ 7. Kxd1 Nc6
8. Bf4 Nge7 9. e6 Bxe6 10. Bxe6 fxe6 11. Bxc7 O-O 12. Bg3 Rad8+ 13. Kc1 Nd4 14.
Re1 Nef5 15. Be5 e3 16. fxe3 Nxe3 17. Na3 Nxg2 18. Re4 Rf1+ 19. Kd2 Nc6+ {
Normal} 0-1

[Event "Rated Blitz game"]
[Site "?"]
[Date "2021.07.09"]
[Round "?"]
[White "spanner-rt07"]
[Black "annaly1979"]
[Result "1-0"]
[WhiteElo "2493"]
[BlackElo "2416"]
[PlyCount "97"]
[EventDate "2021.??.??"]
[EventType "blitz"]

1. e4 e5 2. Nf3 d5 3. d4 dxe4 4. Nxe5 Bd6 5. Bc4 Bxe5 6. dxe5 Qxd1+ 7. Kxd1 Nc6
8. Bb5 Nge7 9. Nc3 Bg4+ 10. Ke1 O-O-O 11. Bg5 h6 12. Bxc6 hxg5 13. Bxe4 Bf5 14.
Ke2 Bxe4 15. Nxe4 g4 16. h3 gxh3 17. Rxh3 Rxh3 18. gxh3 Nf5 19. c3 Re8 20. f4
f6 21. Kf3 fxe5 22. Rg1 exf4 23. Kxf4 Rf8 24. Kg5 b6 25. h4 Ne3 26. h5 Nd5 27.
Kg6 Rg8 28. Rf1 Kd7 29. Rf7+ Ne7+ 30. Kg5 Ke6 31. Rf2 Rh8 32. c4 Ke5 33. Ng3
Ke6 34. b3 a5 35. Re2+ Kf7 36. Rf2+ Ke6 37. Re2+ Kf7 38. Re5 Rh6 39. Rxe7+ Kxe7
40. Nf5+ Kf7 41. Nxh6+ gxh6+ 42. Kxh6 Kf6 43. Kh7 Kf7 44. a3 c6 45. b4 a4 46.
Kh6 Kf6 47. Kh7 Kf7 48. h6 b5 49. c5 {Normal} 1-0

[Event "Rated Blitz tournament tC9MGak7"]
[Site "?"]
[Date "2021.07.09"]
[Round "?"]
[White "steven2010"]
[Black "Bis_Kecil_BKD"]
[Result "0-1"]
[WhiteElo "2427"]
[BlackElo "2442"]
[PlyCount "90"]
[EventDate "2021.??.??"]
[EventType "blitz"]

1. e4 e5 2. Nf3 d5 3. exd5 e4 4. Nd4 Qxd5 5. Nb3 Nf6 6. Nc3 Qe5 7. Be2 Bd6 8.
d3 exd3 9. cxd3 c5 10. Be3 Nc6 11. Qd2 Be6 12. Bf3 Bxb3 13. axb3 Nd4 14. Qd1
O-O 15. g3 Nf5 16. Qd2 Nd4 17. Qd1 Qf5 18. Bg2 Ng4 19. O-O Rae8 20. Bxd4 cxd4
21. Ne4 Bb8 22. Bh3 h5 23. Bxg4 hxg4 24. Re1 Re6 25. Rc1 Rfe8 26. Qc2 Qh5 27.
Qc4 Rh6 28. Nf6+ gxf6 29. Rxe8+ Kg7 30. h4 gxh3 31. Qxd4 Qf3 32. Kf1 h2 33. Ke1
h1=Q+ 34. Kd2 Qxc1+ 35. Kxc1 Qc6+ 36. Kd2 Qxe8 37. Qg4+ Kh8 38. Qf3 Be5 39. Qe4
Qc6 40. Qg4 Rh2 41. Qe2 Qb6 42. Ke1 Qb4+ 43. Kf1 Qd4 44. Qg4 Rh1+ 45. Kg2 Rg1+
{Time forfeit} 0-1

[Event "Rated Blitz game"]
[Site "?"]
[Date "2021.07.09"]
[Round "?"]
[White "TheSpaghetti"]
[Black "annaly1979"]
[Result "0-1"]
[WhiteElo "2440"]
[BlackElo "2415"]
[PlyCount "58"]
[EventDate "2021.??.??"]
[EventType "blitz"]

1. e4 e5 2. Nf3 d5 3. Nxe5 Qe7 4. d4 f6 5. Nd3 Nc6 6. c3 Bf5 7. e5 fxe5 8. Nxe5
Nxe5 9. dxe5 Qxe5+ 10. Be2 Nf6 11. O-O Bd6 12. g3 O-O 13. Bf3 Bh3 14. Re1 Qf5
15. Na3 c6 16. Nc2 Bc5 17. Be3 Bb6 18. Bxb6 axb6 19. Re7 Ne4 20. Nd4 Qf6 21.
Rxb7 c5 22. Qb3 cxd4 23. Qxd5+ Kh8 24. Qxe4 Qxf3 25. Qxf3 Rxf3 26. cxd4 Raf8
27. Rxb6 Rxf2 28. d5 Rf1+ 29. Rxf1 Rxf1# {Normal} 0-1

[Event "Rated Blitz game"]
[Site "?"]
[Date "2021.07.09"]
[Round "?"]
[White "apablo"]
[Black "Schachelite"]
[Result "1-0"]
[WhiteElo "2444"]
[BlackElo "2473"]
[PlyCount "89"]
[EventDate "2021.??.??"]
[EventType "blitz"]

1. e4 e5 2. Nf3 d5 3. Nxe5 Bd6 4. d4 dxe4 5. Nc4 Nf6 6. Nc3 O-O 7. Bg5 Nc6 8.
Qd2 Re8 9. O-O-O Bg4 10. Be2 Bxe2 11. Qxe2 h6 12. Be3 a6 13. g4 b5 14. Ne5 Nb4
15. h4 Qe7 16. g5 Nfd5 17. Nxd5 Nxd5 18. gxh6 Bxe5 19. dxe5 Nxe3 20. Qxe3 Qxe5
21. hxg7 Rad8 22. Rdg1 Rd6 23. h5 c5 24. h6 Kh7 25. Rg5 Qf6 26. g8=Q+ Rxg8 27.
Qxe4+ Rg6 28. Rf5 Qe6 29. Qxe6 fxe6 30. Rf7+ Kh8 31. h7 Rd8 32. a4 bxa4 33. Kb1
e5 34. Re7 Rg7 35. Rxe5 Rxh7 36. Rxh7+ Kxh7 37. Rxc5 Rd1+ 38. Ka2 Rd2 39. Ka3
Rxf2 40. Kxa4 Kg6 41. b4 Kf6 42. c4 Ke6 43. Rc6+ Kd7 44. Rxa6 Kc7 45. Kb5 {
Time forfeit} 1-0

[Event "Rated Blitz game"]
[Site "?"]
[Date "2021.07.09"]
[Round "?"]
[White "Bierpower"]
[Black "melanger"]
[Result "0-1"]
[WhiteElo "2459"]
[BlackElo "2408"]
[PlyCount "42"]
[EventDate "2021.??.??"]
[EventType "blitz"]

1. e4 e5 2. Nf3 d5 3. exd5 e4 4. Nd4 Qxd5 5. Nb3 Nf6 6. Nc3 Qf5 7. Be2 Qg6 8.
d3 Qxg2 9. Rf1 Bb4 10. Bd2 Bh3 11. Nxe4 Nxe4 12. Bxb4 Nc6 13. dxe4 Qxe4 14. Qd2
Bxf1 15. O-O-O Bxe2 16. Re1 Qxb4 17. Rxe2+ Kf8 18. Qd7 Qd6 19. Qf5 Rd8 20. Nd2
g6 21. Qf3 Nd4 {Normal} 0-1

[Event "Rated Blitz game"]
[Site "?"]
[Date "2021.07.08"]
[Round "?"]
[White "Larmor"]
[Black "Slimslik02"]
[Result "1-0"]
[WhiteElo "2451"]
[BlackElo "2335"]
[PlyCount "89"]
[EventDate "2021.??.??"]
[EventType "blitz"]

1. e4 e5 2. Nf3 d5 3. exd5 e4 4. Qe2 Nf6 5. d3 Bb4+ 6. c3 Bc5 7. d4 Bd6 8. Bg5
O-O 9. Ne5 h6 10. Bh4 Re8 11. Nd2 Bxe5 12. dxe5 Rxe5 13. O-O-O Nbd7 14. Nc4 Re8
15. d6 c6 16. f3 b5 17. Na3 exf3 18. Qxf3 Qb6 19. Bf2 Qa6 20. Bd4 Rb8 21. Bd3
Ne5 22. Bxe5 Rxe5 23. Rde1 Bg4 24. Qg3 Rxe1+ 25. Rxe1 Rd8 26. h3 Be6 27. Rf1
Nd7 28. Qh4 Qb6 29. Qe4 Nf8 30. Nc2 c5 31. g4 Rxd6 32. Ne3 Bxa2 33. Nf5 Re6 34.
Qf4 c4 35. Bc2 Bb3 36. g5 Bxc2 37. gxh6 Bxf5 38. hxg7 Kxg7 39. Qxf5 Rg6 40.
Qxf7+ Kh6 41. Qxf8+ Kh5 42. Qf4 Qd6 43. Qf7 Qg3 44. Qf5+ Kh4 45. Qf4+ {Time
forfeit} 1-0

[Event "Rated Blitz game"]
[Site "?"]
[Date "2021.07.08"]
[Round "?"]
[White "Earlgrayattack"]
[Black "kamilgrosicky"]
[Result "1-0"]
[WhiteElo "2437"]
[BlackElo "2358"]
[PlyCount "87"]
[EventDate "2021.??.??"]
[EventType "blitz"]

1. e4 e5 2. Nf3 d5 3. exd5 e4 4. Ne5 Qxd5 5. d4 exd3 6. Nxd3 Nf6 7. Nc3 Qe6+ 8.
Be2 Bd6 9. O-O O-O 10. Re1 Nc6 11. Bf3 Qf5 12. Be3 Bd7 13. Qd2 Ne5 14. Nxe5
Qxe5 15. g3 Ng4 16. Bf4 Qh5 17. Bxg4 Bxg4 18. Bxd6 cxd6 19. Ne2 Qb5 20. b3 Rad8
21. Nd4 Qd5 22. c4 Qh5 23. Re3 d5 24. c5 Rc8 25. b4 a5 26. a3 axb4 27. axb4 h6
28. Rc1 f5 29. Ne6 Rfe8 30. Qxd5 Kh8 31. Nf4 Qg5 32. Rxe8+ Rxe8 33. Qxb7 h5 34.
h4 Qf6 35. Qb6 Qxb6 36. cxb6 Rb8 37. Rc6 Rb7 38. Kg2 g5 39. hxg5 h4 40. f3 h3+
41. Nxh3 Bh5 42. Rh6+ Kg7 43. Rxh5 Kg6 44. Rh6+ {Normal} 1-0

[Event "Rated Blitz tournament E0wBregl"]
[Site "?"]
[Date "2021.07.08"]
[Round "?"]
[White "Wurmgang"]
[Black "gmmds2694"]
[Result "0-1"]
[WhiteElo "2242"]
[BlackElo "2601"]
[PlyCount "72"]
[EventDate "2021.??.??"]
[EventType "blitz"]

1. e4 e5 2. Nf3 d5 3. Nxe5 Bd6 4. d4 dxe4 5. Bf4 Nf6 6. Nc3 O-O 7. Be2 Re8 8.
h3 Nbd7 9. O-O Qe7 10. Nb5 Nxe5 11. Nxd6 cxd6 12. dxe5 dxe5 13. Be3 Bf5 14. c3
a6 15. Qc2 Nd5 16. Qc1 Rac8 17. Rd1 Nb4 18. Qd2 Red8 19. Qxd8+ Rxd8 20. Rxd8+
Qxd8 21. cxb4 h6 22. a4 Be6 23. a5 f5 24. Rd1 Qc8 25. Bc5 f4 26. Rd6 Kh7 27.
Bf1 Qg8 28. Rb6 Bc4 29. Rxb7 Bxf1 30. Kxf1 Qc4+ 31. Kg1 Qc1+ 32. Kh2 e3 33.
fxe3 fxe3 34. Bf8 e2 35. Rxg7+ Kh8 36. Rg6 Qf4+ {Normal} 0-1

[Event "Rated Blitz game"]
[Site "?"]
[Date "2021.07.08"]
[Round "?"]
[White "Gamebreaker2"]
[Black "KamranShirazi"]
[Result "0-1"]
[WhiteElo "2513"]
[BlackElo "2523"]
[PlyCount "86"]
[EventDate "2021.??.??"]
[EventType "blitz"]

1. e4 e5 2. Nf3 d5 3. exd5 e4 4. Qe2 Nf6 5. Nc3 Be7 6. Nxe4 Nxd5 7. d3 O-O 8.
Bd2 Re8 9. O-O-O f5 10. Be1 Bd6 11. Kb1 Nc6 12. Qd2 Bf4 13. Qe2 Bd7 14. g3 Bh6
15. Nh4 Kh8 16. Bh3 fxe4 17. Bxd7 exd3 18. Qxd3 Ncb4 19. Qf5 Rf8 20. Qe6 Rf6
21. Qh3 Rd6 22. Bxb4 Rxd7 23. Bd2 Bxd2 24. Rxd2 c6 25. Kc1 Qe8 26. Rhd1 Re7 27.
Ng2 Re2 28. Rxe2 Qxe2 29. Nf4 Nxf4 30. gxf4 Qxf2 31. Qf5 Qe3+ 32. Kb1 Rg8 33.
Qd3 Qxf4 34. b3 Qxh2 35. a4 Qc7 36. Kb2 b5 37. Qc3 bxa4 38. bxa4 Qb6+ 39. Ka2
c5 40. Rd5 Qe6 41. Qc4 Qe1 42. c3 Qe2+ 43. Ka3 Qxc4 {Normal} 0-1

[Event "Rated Blitz tournament aym90CZl"]
[Site "?"]
[Date "2021.07.08"]
[Round "?"]
[White "Narti08"]
[Black "osmankoka"]
[Result "1-0"]
[WhiteElo "2370"]
[BlackElo "2424"]
[PlyCount "25"]
[EventDate "2021.??.??"]
[EventType "blitz"]

1. e4 e5 2. Nf3 d5 3. Nc3 dxe4 4. Nxe4 f5 5. Ng3 e4 6. Ne5 Qd5 7. Qh5+ g6 8.
Nxg6 hxg6 9. Qxh8 Ne7 10. d3 Nbc6 11. Bh6 Qf7 12. dxe4 f4 13. Bc4 {Normal} 1-0

[Event "Rated Blitz game"]
[Site "?"]
[Date "2021.07.08"]
[Round "?"]
[White "hasikome89"]
[Black "olarovfan"]
[Result "0-1"]
[WhiteElo "2443"]
[BlackElo "2635"]
[PlyCount "28"]
[EventDate "2021.??.??"]
[EventType "blitz"]

1. e4 e5 2. Nf3 d5 3. Nxe5 Bd6 4. d4 dxe4 5. Nc4 Nc6 6. Nxd6+ Qxd6 7. c3 f5 8.
Qb3 Nf6 9. Na3 a6 10. Bd2 Be6 11. Qxb7 O-O 12. Nc4 Qd7 13. Bf4 Nd5 14. Be5 Rfb8
{Normal} 0-1

[Event "Rated Blitz game"]
[Site "?"]
[Date "2021.07.08"]
[Round "?"]
[White "MrTarrasch"]
[Black "Dzon_Vejn"]
[Result "1/2-1/2"]
[WhiteElo "2460"]
[BlackElo "2457"]
[PlyCount "20"]
[EventDate "2021.??.??"]
[EventType "blitz"]

1. e4 e5 2. Nf3 d5 3. exd5 e4 4. Ne5 Qxd5 5. d4 exd3 6. Nxd3 Bf5 7. Nc3 Qe6+ 8.
Be2 Nc6 9. O-O O-O-O 10. Be3 g6 {Normal} 1/2-1/2

[Event "Rated Blitz game"]
[Site "?"]
[Date "2021.07.08"]
[Round "?"]
[White "Adim_BKD"]
[Black "om_gendut"]
[Result "0-1"]
[WhiteElo "2245"]
[BlackElo "2444"]
[PlyCount "100"]
[EventDate "2021.??.??"]
[EventType "blitz"]

1. e4 e5 2. Nf3 d5 3. Nxe5 Bd6 4. d4 dxe4 5. Nc3 Bxe5 6. dxe5 Qxd1+ 7. Nxd1 Nc6
8. Nc3 Bf5 9. Bb5 Nge7 10. Bf4 O-O-O 11. Bxc6 Nxc6 12. O-O Rhe8 13. Rfe1 Nxe5
14. Nxe4 Nc4 15. b3 Bxe4 16. bxc4 Bxc2 17. Rxe8 Rxe8 18. Be3 Re4 19. c5 Ra4 20.
a3 Bf5 21. Kf1 Rc4 22. Ra2 Bd3+ 23. Ke1 Kd7 24. Rd2 Rc1+ 25. Rd1 Rxd1+ 26. Kxd1
Kc6 27. Kd2 Be4 28. g3 Kb5 29. Kc3 Ka4 30. Kb2 Bc6 31. Bf4 Kb5 32. Bxc7 Kxc5
33. Be5 f6 34. Bf4 Kd5 35. Kc3 Ke4 36. h4 h5 37. Be3 a6 38. Kb4 Kf5 39. Kc5 g5
40. Kd6 gxh4 41. gxh4 Kg4 42. Ke6 Kxh4 43. Kxf6 Kg4 44. f4 h4 45. Ke5 h3 46.
Bg1 Kg3 47. f5 Kg2 48. f6 Be8 49. Ke6 Kxg1 50. Ke7 Bh5 {Normal} 0-1

[Event "Rated Blitz tournament IjACHvU6"]
[Site "?"]
[Date "2021.07.08"]
[Round "?"]
[White "VladimirKruglikov"]
[Black "dr_xStranger"]
[Result "1/2-1/2"]
[WhiteElo "2371"]
[BlackElo "2542"]
[PlyCount "39"]
[EventDate "2021.??.??"]
[EventType "blitz"]

1. e4 e5 2. Nf3 d5 3. d4 dxe4 4. Nxe5 Bd6 5. Nc4 Bf8 6. Bf4 Nf6 7. Nc3 Be7 8.
Be2 O-O 9. O-O c6 10. Ne3 Nd5 11. Ncxd5 cxd5 12. c4 Nc6 13. cxd5 Nb4 14. Bc4
Bd6 15. Bxd6 Qxd6 16. a3 Na6 17. Bxa6 bxa6 18. Qh5 Qg6 19. Qxg6 hxg6 20. Rac1 {
Normal} 1/2-1/2

[Event "Rated Blitz tournament 0FnYXM05"]
[Site "?"]
[Date "2021.07.08"]
[Round "?"]
[White "Russian_monster"]
[Black "Maltinho"]
[Result "1-0"]
[WhiteElo "2736"]
[BlackElo "2517"]
[PlyCount "82"]
[EventDate "2021.??.??"]
[EventType "blitz"]

1. e4 e5 2. Nf3 d5 3. Nxe5 Bd6 4. d4 dxe4 5. Nc4 Nf6 6. Nc3 Nc6 7. Bg5 O-O 8.
Ne3 Re8 9. Be2 Bb4 10. d5 Ne5 11. a3 Bxc3+ 12. bxc3 h6 13. Bh4 Ng6 14. Bg3 Qe7
15. c4 Qc5 16. Qd2 c6 17. Qb4 Nd7 18. Rd1 a5 19. Qxc5 Nxc5 20. h4 Ne5 21. O-O
f5 22. Rfe1 Bd7 23. h5 Rad8 24. Bh4 Rc8 25. Bg3 Na4 26. dxc6 Bxc6 27. Bf1 Nc3
28. Rd6 Nf7 29. Rd4 Ng5 30. Nxf5 Ne6 31. Rd2 Rf8 32. Ne7+ Kh7 33. Nxc8 Rxc8 34.
Be5 Na4 35. Be2 Ng5 36. Bg4 Re8 37. Bf5+ Kh8 38. Bd4 Rf8 39. Bg6 Ne6 40. Bxe4
Bxe4 41. Rxe4 Ng5 {Normal} 1-0

[Event "Rated Blitz game"]
[Site "?"]
[Date "2021.07.08"]
[Round "?"]
[White "Supali"]
[Black "om_gendut"]
[Result "0-1"]
[WhiteElo "2258"]
[BlackElo "2443"]
[PlyCount "102"]
[EventDate "2021.??.??"]
[EventType "blitz"]

1. e4 e5 2. Nf3 d5 3. exd5 e4 4. Qe2 Be7 5. Qxe4 Nf6 6. Qe2 Nxd5 7. Qd1 O-O 8.
Be2 Bf5 9. O-O Nc6 10. d4 Bf6 11. c3 Re8 12. Re1 a6 13. Na3 Qd7 14. Nc4 b5 15.
Ne3 Nxe3 16. Bxe3 Rad8 17. a4 Ne7 18. axb5 axb5 19. Ra7 Nd5 20. Bf1 Ra8 21.
Rxa8 Rxa8 22. Bg5 Bxg5 23. Nxg5 c6 24. h3 Ra2 25. Qd2 h6 26. Nf3 f6 27. c4 bxc4
28. Bxc4 Ra7 29. Nh4 Be6 30. Bxd5 Bxd5 31. Ng6 Qf7 32. Nf4 Rb7 33. Nxd5 Qxd5
34. Re8+ Kf7 35. Re3 c5 36. Rd3 Rd7 37. Qc3 cxd4 38. Qa3 Qc4 39. Kh2 Rb7 40. h4
h5 41. g3 Re7 42. Qb3 Qxb3 43. Rxb3 Re2 44. Kg1 Ke6 45. Kf1 Rc2 46. Ke1 Kd5 47.
Rb7 d3 48. b3 g6 49. f3 Kd4 50. Rd7+ Ke3 51. b4 Rc1# {Normal} 0-1

[Event "Rated Blitz tournament ziUdx1Wn"]
[Site "?"]
[Date "2021.07.08"]
[Round "?"]
[White "hudallahh"]
[Black "om_gendut"]
[Result "0-1"]
[WhiteElo "2266"]
[BlackElo "2447"]
[PlyCount "68"]
[EventDate "2021.??.??"]
[EventType "blitz"]

1. e4 e5 2. Nf3 d5 3. Nxe5 Bd6 4. d4 dxe4 5. Bc4 Bxe5 6. dxe5 Qxd1+ 7. Kxd1 Nc6
8. Re1 Bg4+ 9. Be2 O-O-O+ 10. Bd2 Nxe5 11. h3 Bxe2+ 12. Rxe2 f5 13. b3 Nf6 14.
Kc1 Nc6 15. a4 Nd4 16. Re1 h6 17. Nc3 Rhe8 18. Be3 g5 19. Bxd4 Rxd4 20. Nb5 Rd7
21. Nxa7+ Kb8 22. Nb5 f4 23. Ra2 Nd5 24. Rd1 e3 25. fxe3 fxe3 26. c4 e2 27.
Rxe2 Rxe2 28. cxd5 Rxg2 29. Rf1 b6 30. d6 c6 31. Nd4 Rxd6 32. Nf3 Rf6 33. Nd2
Rxf1+ 34. Nxf1 Rg1 {Normal} 0-1

[Event "Rated Blitz game"]
[Site "?"]
[Date "2021.07.08"]
[Round "?"]
[White "lion0508"]
[Black "annaly1979"]
[Result "1-0"]
[WhiteElo "2418"]
[BlackElo "2385"]
[PlyCount "111"]
[EventDate "2021.??.??"]
[EventType "blitz"]

1. e4 e5 2. Nf3 d5 3. exd5 e4 4. Qe2 f5 5. d3 Nf6 6. dxe4 fxe4 7. c4 Bc5 8. Nc3
O-O 9. Nxe4 Nxe4 10. Qxe4 Bf5 11. Qh4 Re8+ 12. Be2 Bb4+ 13. Bd2 Bxd2+ 14. Kxd2
Qd6 15. Rhe1 Qb4+ 16. Kc1 Nd7 17. Qf4 Bg6 18. Qd2 Qb6 19. b3 Qxf2 20. Kb2 Nc5
21. Bf1 Qxd2+ 22. Nxd2 a5 23. Kc3 b6 24. a3 Nd7 25. Bd3 Bxd3 26. Kxd3 Ne5+ 27.
Kd4 Ng4 28. h3 Nh6 29. g4 Nf7 30. Ne4 Rad8 31. Re2 Nd6 32. Rae1 c5+ 33. Kd3
Nxe4 34. Rxe4 Rxe4 35. Rxe4 Kf7 36. Re6 Rb8 37. Ke4 b5 38. Rc6 bxc4 39. bxc4
Rb3 40. Rxc5 Rxa3 41. Rc7+ Kf6 42. Ra7 Ra4 43. Kd4 Ra3 44. d6 Ke6 45. c5 Rxh3
46. Re7+ Kf6 47. Re4 Rh1 48. Kd5 h5 49. gxh5 Kf5 50. Rd4 a4 51. d7 a3 52. d8=Q
a2 53. Qf8+ Kg5 54. Qf4+ Kxh5 55. Qf5+ g5 56. Qh7# {Normal} 1-0

[Event "Rated Blitz game"]
[Site "?"]
[Date "2021.07.08"]
[Round "?"]
[White "davidair"]
[Black "blastol"]
[Result "0-1"]
[WhiteElo "2249"]
[BlackElo "2438"]
[PlyCount "82"]
[EventDate "2021.??.??"]
[EventType "blitz"]

1. e4 e5 2. Nf3 d5 3. Nxe5 Bd6 4. d4 dxe4 5. Bc4 Bxe5 6. Qh5 Qe7 7. Qxe5 Qxe5
8. dxe5 Nc6 9. Bb5 Bd7 10. Bf4 Nge7 11. Nc3 Ng6 12. Bg3 h5 13. h3 O-O-O 14.
O-O-O a6 15. Ba4 e3 16. f4 f6 17. Rhe1 fxe5 18. fxe5 Ngxe5 19. Rxe3 Nc4 20.
Red3 Nb6 21. Bb3 Bf5 22. Rxd8+ Rxd8 23. Rxd8+ Kxd8 24. Nd5 Be4 25. Ne3 Nd4 26.
Bc4 Nxc4 27. Nxc4 Ne2+ 28. Kd2 Nxg3 29. Ke3 Bc6 30. Kf4 Ne2+ 31. Kg5 Bxg2 32.
Kxh5 Bxh3 33. Kg6 Nd4 34. c3 Ne6 35. Ne5 Ke7 36. Nf3 Bg2 37. Nh4 Be4+ 38. Kh5
Kf6 39. Kg4 g5 40. Nf3 Bxf3+ 41. Kxf3 Kf5 {Normal} 0-1

[Event "Rated Blitz tournament ziUdx1Wn"]
[Site "?"]
[Date "2021.07.08"]
[Round "?"]
[White "AdityaSalehAyub"]
[Black "om_gendut"]
[Result "0-1"]
[WhiteElo "2208"]
[BlackElo "2446"]
[PlyCount "98"]
[EventDate "2021.??.??"]
[EventType "blitz"]

1. e4 e5 2. Nf3 d5 3. exd5 e4 4. Ng1 Qxd5 5. d3 exd3 6. Qxd3 Be6 7. Qxd5 Bxd5
8. Nc3 Be6 9. Bf4 Bb4 10. Bxc7 Nc6 11. Bb5 Nge7 12. Nge2 Rc8 13. Bf4 a6 14. Bd3
O-O 15. a3 Bc5 16. O-O Rfd8 17. Rfd1 Nd4 18. Nxd4 Bxd4 19. Bd2 Nc6 20. Rab1 h6
21. h3 Be5 22. Re1 Bd4 23. Red1 b5 24. Ne2 Bf6 25. b3 Ne5 26. Be4 Bd5 27. Bxd5
Rxd5 28. Bc3 Rdc5 29. Bxe5 Bxe5 30. c4 bxc4 31. bxc4 Rxc4 32. Rb6 Rc2 33. Ng3
R2c6 34. Rxc6 Rxc6 35. Rd8+ Kh7 36. Rd1 Rc3 37. Ne4 Rxa3 38. Nc5 a5 39. Nd7 f6
40. Nf8+ Kg8 41. Ne6 Kf7 42. Nd8+ Kg6 43. Ne6 Rc3 44. Nf8+ Kf7 45. Nd7 a4 46.
Nb6 a3 47. Nd5 Rc2 48. Nb4 Rb2 49. Nd3 Rb5 {Time forfeit} 0-1